000 006000000a22001930004500
090 _aAR
_b03656
245 1 0 _aTransgenic DNA introgressed into traditional maize landraces in Oaxaca, Mexico
500 _a<Colección Recursos Genéticos>
650 1 4 _aBiotecnología
_992825
650 1 4 _aOrganismos geneticamente modificados
_995674
650 1 4 _aCultivo de maíz
_996879
651 4 _dOaxaca
_pMéxico
_992749
653 _gZea
_vmaíz
041 0 _aInglés
700 1 _aChapela, Ignacio H.
_997385
100 1 _aQuist, David
_997386
942 _cARTICULO
773 1 _tNature
_q541-543
_d2001
_g414
999 _c12704
_d12704